| 000 | 01954nam0a2200397 4500 | ||
|---|---|---|---|
| 001 | RU\NLR\bibl\65792 | ||
| 005 | 20260408192115.0 | ||
| 010 |
_a5-87049-144-4 _9170 |
||
| 021 |
_aRU _b99-39356 _91943 |
||
| 035 | _a(NLR Aleph) 000064176 | ||
| 090 |
_a351081 _c351081 |
||
| 100 | _a19991224d1999 k y0rusy50 ca | ||
| 101 | 0 |
_arus _aeng _erus _eeng |
|
| 102 | _aRU | ||
| 105 | _ay ||||||||| | ||
| 200 | 1 |
_aТеория негеодезического движения частиц _dThe theory of nongeodesic motion of particles _fЛ.Б. Борисова и Д.Д. Рабунский _gМастерская независимых исследователей им. М.В. Ломоносова _zeng |
|
| 210 |
_aМ. _cМастерская им. М.В. Ломоносова _d1999 |
||
| 215 |
_a415 с. _d22 |
||
| 300 | _aАвт. также на англ. яз.: L.B. Borissova, D.D. Rabounski | ||
| 300 | _aСокр. паралл. текст на англ. яз. | ||
| 320 | _aБиблиогр.: с. 341-345 | ||
| 320 | _aПредм.-имен. указ.: с.346-348 | ||
| 510 | 1 |
_6z33790 _aThe theory of nongeodesic motion of particles _zeng |
|
| 606 | 0 |
_aЭлементарные частицы _xДвижение в псевдоримановом пространстве _92142736 _3RU\NLR\auth\661291293 |
|
| 606 |
_aЧастицы (физ.) _xДвижение в псевдоримановом пространстве _3RU\NLR\auth\661291295 _92142741 |
||
| 686 | _aВ315 | ||
| 700 | 1 |
_aБорисова _bЛ. Б. _gЛариса Борисовна _4070 |
|
| 701 | 1 |
_aРабунский _bД. Д. _gДмитрий Давидович _4070 |
|
| 790 | 1 |
_6z33 _aBorisova _bL. B. _gLarisa Borisovna _4070 |
|
| 790 | 1 |
_6z33 _aRabunskij _bD. D. _gDmitrij Davidovic _4070 |
|
| 801 | 0 |
_aRU _bNLR _c19991224 _gPSBO |
|
| 801 | 1 |
_aRU _bNLR _c19991224 |
|
| 852 |
_aNLR _j99-5/4294 |
||
| 942 | _cBOOK | ||
| 980 | _aNB | ||